000 00654nam a22002417a 4500
003 UA-OsUOA
001 671
007 ta
008 20050623b un ||||| |||| 00| 0 ukr d
100 _aШумило Н.М.
090 _a82.09(477)
_bШ96
942 _cBK
040 _aUA-OsUOA
_bukr
_cUA-OsUOA
_dUA-OsUOA
245 _aПід знаком національної самобутності
300 _a354 с.
955 _a1
041 _aukr
080 _a82.09(477)
020 _a966-7944-59-х
260 _aК.
_bЗадруга
_c2003
650 7 _a82 Література. Літературознавство
_2UDC
999 _c286837
_d286837